|
|
|
|
| LEADER |
00000cam a2200000 a 4500 |
| 001 |
vtls008392722 |
| 003 |
SK-MaSNL |
| 005 |
20260311141522.0 |
| 008 |
230403s1950 xo g 000 0 slo |
| 015 |
|
|
|a SNBA19451955-009844
|
| 035 |
|
|
|a SK01SNKBKSFS20010084939
|
| 035 |
|
|
|a urn:nbn:sk:snk-am3idk5
|
| 035 |
|
|
|a urn:nbn:sk:snk-am00e5z7
|
| 035 |
|
|
|a 7F40AC27-95FC-4347-88A8-34E3CB5DBCB5
|
| 035 |
|
|
|a SKM000087402
|
| 040 |
|
|
|a SNK
|b slo
|c SNK
|e AACR2
|
| 041 |
0 |
|
|a slo
|
| 044 |
|
|
|a xo
|c SK
|
| 072 |
|
7 |
|a 343
|x Trestné právo
|2 konspekt
|
| 072 |
|
7 |
|a 94(437)
|x Dejiny Československa
|2 konspekt
|
| 080 |
|
|
|a 929 Horáková, Milada
|2 1981
|
| 080 |
|
|
|a 343
|2 1981
|
| 080 |
|
|
|a 343.1
|2 2011
|
| 080 |
|
|
|a 32(091)
|2 2011
|
| 245 |
0 |
0 |
|a Proces s vodcami záškodníckeho sprisahania proti republike
|b Horáková a spoločníci
|
| 260 |
|
|
|a Bratislava
|b Tatran
|c 1950
|e Bratislava
|f Tatran
|
| 300 |
|
|
|a 292, [3] s.
|c V. 8°
|
| 490 |
1 |
|
|a Aktuality
|v sv. 41
|
| 563 |
|
|
|a 25.000 výtlač.
|
| 600 |
1 |
7 |
|a Horáková, Milada,
|d 1901-1950
|2 SNKMA
|9 117793
|
| 650 |
0 |
7 |
|a procesy politické
|2 SNKPH
|9 608043
|
| 650 |
0 |
7 |
|a súdne procesy
|2 SNKPH
|9 29433
|
| 650 |
0 |
7 |
|a politické dejiny
|2 SNKPH
|9 69271
|
| 651 |
|
7 |
|a Československo
|2 SNKPHgeo
|9 21376
|
| 655 |
|
7 |
|a dokumenty
|2 SNKPH
|9 70482
|
| 830 |
|
0 |
|a Aktuality
|9 275567
|
| 852 |
|
|
|a Slovenská národná knižnica
|
| 954 |
|
|
|a odborná, vedecká literatúra pôvodná (slovenská)
|2 lita
|
| 958 |
|
|
|a OND
|
| 958 |
|
|
|a RK
|
| 958 |
|
|
|a TL
|
| 958 |
|
|
|a EUIPO
|
| 999 |
|
|
|c 994713
|d 996643
|
| 952 |
|
|
|a SNK
|b SNK
|y VYP
|7 0
|p 17A0358606
|o snkSD 6083/41 D1
|i snkVIII. 2461/54
|8 3
|0 0
|1 0
|4 0
|d 2009-10-19
|l 0
|r 2026-02-24 12:00:32
|w 2026-02-24
|
| 952 |
|
|
|a SNK
|b SNK
|y VYP
|7 0
|p 17A0594380
|o snkSD 6083/41 D2
|i snkF 3281/63
|8 5
|0 0
|1 0
|4 0
|d 2008-07-25
|l 0
|r 2026-02-24 12:00:32
|w 2026-02-24
|
| 952 |
|
|
|a SNK
|b SNK
|y PREZ
|7 0
|p 17A0910079
|o snkSD 6083/41
|i snk5789/50
|0 0
|1 0
|4 0
|d 2018-12-11
|f 1
|l 0
|r 2025-11-13 00:00:00
|w 2026-02-24
|